Statuto organico e regolamento della Regia Scuola Navale Superiore in Genova
Descripción Física:
111 p. ; 27 cm
MARC
| LEADER | 00000nam a2200000Ia 4500 | ||
|---|---|---|---|
| 001 | 15904 | ||
| 008 | 160829s1903 xx 000 0 cat d | ||
| 080 | |a C-2-323 | ||
| 100 | |a Regia Scuola Navale Superiore (Génova) |9 25953 | ||
| 245 | |a Statuto organico e regolamento della Regia Scuola Navale Superiore in Genova | ||
| 260 | |a Genova : |b (R. Stab. Tipo - Litografico Fratelli Cabella), |c 1903 | ||
| 300 | |a 111 p. ; |c 27 cm | ||
| 650 | |a Regia Scuola Navale Superiore (Génova) |x Reglaments i procediments |9 25954 | ||
| 650 | |a Navegació |x Génova |x Normes |9 25955 | ||
| 650 | |a Navegació |x Génova |x Estatuts |9 25956 | ||
| 901 | |a Arxiu | ||
| 942 | |n 1 | ||
| 952 | |0 0 |1 0 |4 0 |6 C2323 |7 1 |9 43839 |a Arxiu |b Arxiu |d 2016-12-01 |l 0 |o C-2-323 |p 15904 |r 2016-12-01 00:00:00 |w 2016-12-01 |y ARXIU | ||
| 999 | |c 46418 |d 46418 | ||